Nghiên cứu tác động của hoạt động nghiên cứu và phát triển đến xuất khẩu của các doanh nghiệp niêm yết tại sở giao dịch chứng khoán thành phố Hồ Chí Minh : Luận văn tốt nghiệp Cao học. Chuyên ngành Kinh tế học

Đánh giá thực trạng xuất khẩu của doanh nghiệp niêm yết tại sở giao dịch chứng khoán Thành phố Hồ Chí Minh. Phân tích tác động của hoạt động nghiên cứu và phát triển đến xuất khẩu của các doanh nghiệp niêm yết tại sở giao dịch chứng khoa...

詳細記述

保存先:
書誌詳細
第一著者: Nguyễn, Xuân Tiên
フォーマット: 図書
言語:Undetermined
出版事項: Cần Thơ Trường Đại học Cần Thơ 2019
主題:
タグ: タグ追加
タグなし, このレコードへの初めてのタグを付けませんか!
Thư viện lưu trữ: Trung tâm Học liệu Trường Đại học Cần Thơ
LEADER 01595nam a2200217Ia 4500
001 CTU_231952
008 210402s9999 xx 000 0 und d
082 |a 658.1511 
082 |b T305 
088 |a 8310101 
100 |a Nguyễn, Xuân Tiên 
245 0 |a Nghiên cứu tác động của hoạt động nghiên cứu và phát triển đến xuất khẩu của các doanh nghiệp niêm yết tại sở giao dịch chứng khoán thành phố Hồ Chí Minh : 
245 0 |b Luận văn tốt nghiệp Cao học. Chuyên ngành Kinh tế học 
245 0 |c Nguyễn Xuân Tiên ; Võ Văn Dứt (Cán bộ hướng dẫn) 
260 |a Cần Thơ 
260 |b Trường Đại học Cần Thơ 
260 |c 2019 
520 |a Đánh giá thực trạng xuất khẩu của doanh nghiệp niêm yết tại sở giao dịch chứng khoán Thành phố Hồ Chí Minh. Phân tích tác động của hoạt động nghiên cứu và phát triển đến xuất khẩu của các doanh nghiệp niêm yết tại sở giao dịch chứng khoán Thành phố Hồ Chí Minh. Đề xuất một số hàm ý chính sách góp phần đẩy mạnh xuất khẩu của các doanh nghiệp niêm yết tại sở giao dịch chứng khoán Thành phố Hồ Chí Minh. 
650 |a Business enterprises,Hoạt động kinh doanh 
910 |b nthai 
980 |a Trung tâm Học liệu Trường Đại học Cần Thơ